000 00943nam a2200265 a 4500
001 000022046
003 DO-SdBNP
005 20250624114751.0
008 100916s1938 dr 000 0 spa d
040 _aDO-SdBNP
_bspa
_cBNPHU
049 _aBNPD
082 _a972.93697
_bD473h
100 1 _aDespradel Batista, Guido,
_d1909-
_940548
245 1 0 _aHistoria de la Concepción de La Vega /
_cGuido Despradel Batista.
260 _aLa Vega, República Dominicana :
_bLa Palabra,
_c1938.
300 _a401 p. ;
_c24 cm.
500 _aIncluye índice de nombres
500 _aIncluye notas al pie de las páginas
504 _aBibliografía : 398-399
650 4 _aCiudades y pueblos
_zRepública Dominicana
_9784
651 0 _a Concepción de la Vega (Republica Dominicana )
_92180
651 4 _aLa Vega (República Dominicana{Rpara}
_xVida Social Y Costumbres
_98244
910 _aValidado. Control de calidad BNPHU
942 _2ddc
_cLBS1
999 _c21544
_d21544